Analiza matematica

Αποθηκεύτηκε σε:
Λεπτομέρειες βιβλιογραφικής εγγραφής
Κύριος συγγραφέας: Marinescu, Gheorghe
Μορφή: Βιβλίο
Γλώσσα:Romany
Δημοσίευση: Bucuresti : Editura didactica si pedagogica, 1980
Θέματα:
Ετικέτες: Προσθήκη ετικέτας
Δεν υπάρχουν, Καταχωρήστε ετικέτα πρώτοι!

MARC

LEADER 00000cam a2200000 i 4500
001 1/3479
008 100121s1980 rom d
035 |l 10106390 
040 |a GR-MY-UA  |b gre  |e aacr 
041 0 |a rom 
082 0 |a 515  |2 (22) 
100 1 |a Marinescu, Gheorghe. 
245 1 0 |a Analiza matematica /  |c Ghorghe Marinescu 
260 |a Bucuresti :   |b Editura didactica si pedagogica,   |c 1980 
300 |a 2 τ.;  |b εικ.;  |c 25 εκ. 
650 0 0 |a Mathematical analysis. 
852 |a INST  |b SAMOS  |c MAG  |e 20100121  |h 515 MAR  |p 005300029255  |q 005300029255  |t BK  |v τ.2:  |y 0  |z τ.2 
852 |a INST  |b SAMOS  |c MAG  |e 20100121  |h 515 MAR  |p 005300029256  |q 005300029256  |t BK  |v τ.1:  |y 0  |z τ.1 
853 |a INST  |b SAMOS  |c MAG  |h 515 MAR 
901 |a BIBL3-2010-1 
909 |a Σ  |b 155728 
909 |a Σ  |b 155729 
970 |a ΚΟΣΙΕΡΗΣ  |b ΧΡΗΣΤΟΣ  |z 2010/01/21